Mis reimacuentos : (Registro nro. 14878)

Detalles MARC
000 -LIDER
fixed length control field 00823nam a22002417a 4500
003 - IDENTIFICACDOR DE NÚMERO DE CONTROL
control field DO-SdBPM
005 - DATE AND TIME OF LATEST TRANSACTION
control field 20250305112655.0
008 - ELEMENTOS DE LONGITUD FIJA
fixed length control field 161027b2010 p 00| 0 spa d
020 ## - ISBN
International Standard Book Number 9786124026720
040 ## - FUENTE DE CATALOGACIÓN
Agencia que crea de manera original el registro DO-SdBPM
Idioma de catalogación spa
Agencia que realiza la transcripción BPMSU
082 #4 - NÚMERO DE CLASIFICACIÓN DECIMAL DE DEWEY
Classification number 808.83
Item number C298m 2010
Edition number 22
100 1# - ASIENTO PRINCIPAL -- NOMBRE PERSONAL
Nombre personal Soria Carpio, Flor
Fechas asociadas con el nombre 1962-
Títulos u otras palabras asociadas con el nombre
245 10 - MENCIÓN DE TITULO
Título Mis reimacuentos :
Subtítulo el flautista de Hamelín /
Mención de responsabilidad Anónimo; adaptación Flor Soria Carpio
260 ## - PUBLICACIÓN, DISTRIBUCIÓN, ETC. (PIE DE IMPRENTA)
Lugar de publicación, distribución, etc Perú :
Nombre del editor, distribuidor, etc. Editorial Didáctica,
Fecha de publicación, distribución, etc 2010
300 ## - DESCRIPCIÓN FÍSICA
Extensión 6 p. :
Otros detalles físicos il. ;
Dimensiones 21 cm
490 0# - MENCIÓN DE SERIES
Mención de serie Mis rimacuentos ;
-- Cuentos clásicos en divertidas rimas
Volume/sequential designation
590 ## - NOTA LOCAL
Texto de la nota local Inventariado, 2024/VM
650 #4 - ENCABEZAMIENTO DE MATERIA--TEMÁTICO
Término temático o nombre geográfico como elemento de entrada Cuentos infantiles
Subdivisión de forma Colecciones
650 #4 - ENCABEZAMIENTO DE MATERIA--TEMÁTICO
Término temático o nombre geográfico como elemento de entrada Cuentos infantiles
Subdivisión geográfica Adaptaciones
650 #4 - ENCABEZAMIENTO DE MATERIA--TEMÁTICO
Término temático o nombre geográfico como elemento de entrada Rimas
Subdivisión de forma Cuentos
910 ## - VALIDACIÓN
Validación VMateo V. Control de calidad. BPMSU
942 ## - ADDED ENTRY ELEMENTS (KOHA)
Source of classification or shelving scheme Dewey Decimal Classification
Koha item type Libros
Existencias
Withdrawn status Lost status Source of classification or shelving scheme Damaged status Not for loan Collection code Home library Current library Date acquired Total Checkouts Full call number Barcode Date last seen Price effective from Koha item type Copy number
    Dewey Decimal Classification     Colección Infantil General Biblioteca Pública Metropolitana Salomé Ureña Biblioteca Pública Metropolitana Salomé Ureña 12/05/2024   BPMSU CGI 808.83 C298m 2010 BPMSU24120004 12/05/2024 12/05/2024 Libros  
    Dewey Decimal Classification     Colección Infantil General Biblioteca Pública Metropolitana Salomé Ureña Biblioteca Pública Metropolitana Salomé Ureña 12/05/2024   BPMSU CGI 808.83 C298m 2010 BPMSU24120005 12/05/2024 12/05/2024 Libros e.2
    Dewey Decimal Classification     Colección Infantil General Biblioteca Pública Metropolitana Salomé Ureña Biblioteca Pública Metropolitana Salomé Ureña 12/05/2024   BPMSU CGI 808.83 C298m 2010 BPMSU24120006 12/05/2024 12/05/2024 Libros e.3